000 00317nam a2200133 i 4500
001 bg
100 1 _aLIPIŃSKI, Edward
245 0 _aProblemy pytania wątpliwości /
_cEdward Lipiński.
260 _aWarszawa,
_c1981.
040 _cBPK
041 _apol
942 _cKS
008 s pl f |000 0 pol
999 _c20234
_d20234
856 _uhttp://koha.tu.koszalin.pl/cgi-bin/koha/opac-detail.pl?biblionumber=20234
_yKatalog online BPK